Exposición que eleva al Exmo. Señor Ministro de Fomento, la Sociedad Económica Cordobesa de Amigos del País
Descripción Física:
VI p. ; 31 cm
Otros Autores:
Sociedad Económica Cordobesa de Amigos del País
MARC
| LEADER | 00000nam a2200000Ia 4500 | ||
|---|---|---|---|
| 001 | 20685 | ||
| 008 | 160829s1884 xx 000 0 cat d | ||
| 080 | |a RF-7-86 | ||
| 245 | |a Exposición que eleva al Exmo. Señor Ministro de Fomento, la Sociedad Económica Cordobesa de Amigos del País | ||
| 260 | |a Barcelona : |b Imprenta de Francisco Rosal, |c 1884 | ||
| 300 | |a VI p. ; |c 31 cm | ||
| 590 | |a Prové de 1381, exp. 39 | ||
| 650 | |a Classe mitjana |x Aspectes econòmics |9 43313 | ||
| 650 | |a Classe mitjana |x Aspectes socials |9 43314 | ||
| 700 | |a Sociedad Económica Cordobesa de Amigos del País |9 43315 | ||
| 856 | 4 | |u https://media.diba.cat/diba/fitxers/arxiu/fulletons/bib_20685_1884_baixa.pdf |y Accés lliure | |
| 856 | 4 | |u https://media.diba.cat/diba/fitxers/arxiu/fulletons/bib_20685_1884_baixa.pdf |y Accés lliure | |
| 901 | |a Arxiu | ||
| 942 | |n 1 |2 udc | ||
| 952 | |0 0 |1 0 |4 0 |6 RF786 |7 1 |9 51329 |a Arxiu |b Arxiu |d 2016-12-01 |l 0 |o RF-7-86 |p 20685 |r 2016-12-01 00:00:00 |w 2016-12-01 |y ARXIU | ||
| 999 | |c 55173 |d 55173 | ||
| 900 | |a bib_20685_1884_baixa.pdf | ||